Statistiques concernant À quel album appartient cette chanson de Taylor Swift ?

Cliquez ici pour prendre le quiz!

Statistiques générales

  • Ce quiz a été pris 267 fois
  • Le résultat moyen est 29 sur 33

Statistiques - réponses

ChansonRéponse% Correct
Love storyFearless
98%
SevenFolklore
95%
ExileFolklore
95%
Clean1989
93%
Bad Blood1989
93%
willowEvermore
93%
Lavender HazeMidnights
93%
KarmaMidnights
93%
EnchantedSpeak Now
93%
New Romantics1989
92%
Paper ringsLover
92%
AfterglowLover
92%
MastermindMidnights
92%
22Red
92%
DelicateReputation
92%
MarjorieEvermore
91%
DaylightLover
91%
GorgeousReputation
91%
DressReputation
90%
FifteenFearless
89%
Long LiveSpeak Now
88%
Dear JohnSpeak Now
88%
No body no CrimeEvermore
87%
IvyEvermore
87%
Invisible StringFolklore
85%
False GodLover
85%
ParisMidnights
84%
Our songDebut
82%
Picture to burnDebut
81%
Forever & AlwaysFearless
81%
The lucky oneRed
81%
RonanRed
80%
InvisibleDebut
77%

Distribution des résultats

Percentile par nombre de réponses

% des personnes avec chaque résultat

Votre développement - résultats

Vous n’avez pas pris ce quiz